| 000 | 01858nam a22002777a 4500 | ||
|---|---|---|---|
| 003 | DO-SdBPM | ||
| 005 | 20250224090131.0 | ||
| 008 | 211008b2000 xx ||||00| 0 spa d | ||
| 020 | _a0021478082 | ||
| 040 |
_aDO-SdBPM _bspa _cBPMSU |
||
| 082 | 4 |
_a917.3 _bU54n 2000 _222 |
|
| 245 | 0 | 0 |
_aUna nueva nación : _baventuras a través del tiempo / _cJames A Banks... [et.al] |
| 260 |
_aNew York ; _bMcGraw-Hill, _c2000 |
||
| 300 |
_a669 p. _c27 cm. |
||
| 500 | _aIncluye índice | ||
| 500 | _aCristóbal Colon y los taínos [República Dominicana] p. 133 | ||
| 505 | 0 | _aNuestro medio ambiente.-- La vida en Estados Unidos. La geografía de Estados Unidos -- Las culturas oriental y occidental -- Los indígenas de América del norte -- El mundo se hace más pequeño-- Contacto y exploración -- El encuentro entre el este y el oeste. -- Los primeros asentamientos ingleses en América del norte. -- Las vida en la trece colonia -- Trece colonias inglesas Las colonias de nueva Inglaterra-- Las colonias del centro --Las colonias del sur- La vida en las trece colonias inglesas-- La lucha por la independencia -- La lucha por América del norte -- La ruptura con gran Bretaña -- La guerra de independencia -- La formación de Estados Unidos -- La constitución de Estados Unidos -- Una nación joven -- Expansión hacia el oeste -- Cambios en el modo de vida estadounidense -- En busca de una vida mejor -- Estados Unidos, pasado y presente -- El fin de la esclavitud -- Inmigrantes y emigrantes -- Libertad y justicia para todos. | |
| 590 |
_aInventariado 2025/VM _6 |
||
| 650 | 4 |
_aMedio ambiente _zEstados Unidos |
|
| 650 | 4 | _aHistoria de Estados Unidos | |
| 651 | 4 |
_aEstados Unidos _xGeografía |
|
| 700 | 1 | _aBanks, James A | |
| 710 | 2 | _aNational Geographic society | |
| 910 | _aVMateo V. Control de calidad. BPMSU | ||
| 942 |
_2ddc _cBK |
||
| 999 |
_c13771 _d13771 |
||